| 000 | 003280000a22001450004500 | ||
|---|---|---|---|
| 003 | MACL | ||
| 040 | _aMACL | ||
| 090 |
_c33139 _d33137 |
||
| 100 | _aBookhive | ||
| 245 |
_aPolitical Science _bFor Civil Services Prel. Exam |
||
| 260 |
_bCosmos _c2001 |
||
| 350 | _a425 | ||
| 650 | _aPolitical Science | ||
| 942 |
_cBOOK _k320.07/Boo |
||
| 999 |
_c32797 _d32797 |
||